000 01124cam a2200313 a 4500
001 3055
003 FISKH
005 20240201141555.0
008 911119r1992 nyua j 000 1 eng
010 _a 91039632
020 _a0688107826 :
020 _a9781853260339
040 _aDLC
_cDLC
_dDLC
_beng
042 _alcac
050 0 0 _aPZ7.D76
_bAf 1992
082 0 0 _a[Fic]
_220
100 1 _aDoyle, Arthur Conan,
_d1859-1930.
245 1 4 _aThe adventures of Sherlock Holmes /
_cSir Arthur Conan Doyle ; Introduction and notes by Julian Wolfreys
250 _aThis edition published 1996
260 _aLondon :
_bBibliophile Books,
_c1992
300 _a503 pages : Illustrations ; 20 cm
520 _aA collection of Sherlock Holmes mystery adventures, including "A Scandal in Bohemia," "The Red-headed League," and "The Adventure of the Speckled Band."
650 0 _aDetective and mystery stories, English.
650 0 _aChildren's stories, English.
650 1 _aMystery and detective stories.
650 1 _aShort stories.
906 _a7
_bcbc
_corignew
_d1
_eocip
_f19
_gy-gencatlg
942 _2ddc
_cBK
_n0
999 _c3055
_d3055